000 00598nam a2200181Ia 4500
008 090123s9999 xx 000 0 und d
082 _b17171
_a891.463/जहांगि
100 _aजहांगीरदार विजया
245 _aरिंगण भूल
250 _a1
260 _bचेतश्री प्रकाशन
_c1989
300 _a168
600 _aजहांगीरदार विजया
630 _aरिंगण भूल
700 _aजहांगीरदार विजया
730 _aरिंगण भूल
942 _cBOOK
999 _c55231
_d55231